00997nam a2200241Ia 4500003000400000005001700004008004100021020001800062040001800080041000800098082002300106100002800129245009700157250001200254260003800266300003300304650004900337650006400386650008200450942003300532999001900565952017100584OSt20220818105030.0210716s2013 xx 000 0 und d a9788126521494 cAIMIT LIBRARY aeng a570.1519529bDANW aDaniel, Wayne W.954969 aBiostatistics:bBasic concepts and methodology for the health sciences /cBy Wayne W Daniel. a9th ed. aNew Delhi :bWiley India ,c2013. axi,783,A-151,I-6p. ;c24 cm. aGetting acquainted with biostatistics954970 aProbabilistic features of certain data distributions954971 aUsing sample statistics to test hypotheses about population parameters954972 2ddccBKe9thk570.15195 DANW c193936d193936 00102ddc40708MCAaAIMITbAIMITeKnowledge Worldg729.00iBill no:174; Bill dt:2014-07-12l0o570.15195 DANWpMCA13444r2025-07-21 00:00:00v546.75w2021-07-16yBK